Overblown how politicians and the terrorism industry inflate national security threats, and why we believe them

Guardado en:
Detalles Bibliográficos
Autor principal: Mueller, John
Formato: Libro
Lenguaje:inglés
Publicado: New York Free Press 2006
Materias:
Etiquetas: Agregar Etiqueta
Sin Etiquetas, Sea el primero en etiquetar este registro!

MARC

LEADER 00000nam$a2200000$$$4500
001 0104872
005 20240311125626.9
020 |a 978-1-4165-4171-4 
020 |a 1-4165-4171-3 
041 0 |a eng 
044 |a US 
245 1 0 |a Overblown  |b how politicians and the terrorism industry inflate national security threats, and why we believe them  |c John Mueller 
264 1 |a New York  |b Free Press  |c 2006 
300 |a 259 s. 
610 2 0 |a politológia 
610 2 0 |a politika 
610 2 0 |a teórie politické 
610 2 0 |a politika bezpečnostná 
610 2 0 |a bezpečnosť 
610 2 0 |a bezpečnosť medzinárodná 
610 2 0 |a terorizmus 
610 2 0 |a vojny 
610 2 0 |a USA 
100 1 |a Mueller, John